| 000 | 00547nam a2200205Ia 4500 | ||
|---|---|---|---|
| 003 | GCL | ||
| 008 | 140319s9999 xx 000 0 aFre d | ||
| 020 | _a3822801690 | ||
| 040 |
_aGCL / _cGCL |
||
| 082 | 0 | 4 |
_a759 _bH A |
| 100 | 1 | _aHONNEF, KLAUS | |
| 245 | 1 | 0 |
_aANDY WARHOL 1928 - 1987 : _bDE L'ART COMME COMMERCE / _cHONNEF, KLAUS |
| 260 |
_aالمانيا : _bTASCHEN ، _c1994 |
||
| 300 |
_a96 P _bILL. ؛ _c30 cm. |
||
| 650 | 0 | 4 | _aARTS |
| 650 | 0 | 4 | _aPAINTING |
| 650 | 0 | 4 | _aPAINTERS |
| 650 | 0 | 4 | _aWARHOL, ANDY 1928 - 1987 |
| 942 |
_2ddc _cBK |
||
| 999 |
_c7652 _d7652 |
||